000 01920nam0a2200385 4500
001 RU\NLR\BIBL_A\012907031
005 20221201131243.0
010 _a978-5-907545-64-9
_93000
021 _aRU
_bКН-П-22-056164
_9КН-П-22-4874
035 _a(NLR Aleph) 012907031
090 _a12601462
_c12601462
100 _a20221012d2022 c y0rusy50 ca
101 0 _arus
102 _aRU
105 _aac||z|||000ay
181 0 _ai
_baxxe
182 0 _an
200 1 _aИсторические повести
_eдля младшего и среднего школьного возраста
_fС.П. Алексеев
_gхудожник А. М. Кузнецов
_gвступительная статья К.А. Кочегарова, кандидата исторических наук
203 _aТекст
_bвизуальный
_cнепосредственный
210 _aМосква
_cДетская и юношеская книга
_d2022
215 _a221, [1] с.
_cил., портр.
_d21
225 1 _aКлассная библиотека
225 1 _aЛитература 2-й половины XX века
327 1 _aСодерж.: Небывалое бывает : рассказы о Петре Первом, Нарве и о делах воинских; Рассказы о Суворове и русских солдатах
333 _a6+
686 0 _aШ9(2)60=Р7-4
686 0 _aШ9(2)62=Р7-4
700 1 _7ca
_8rus
_aАлексеев
_bС. П.
_cписатель
_f1922-2008
_gСергей Петрович
_9124007
_3RU\NLR\AUTH\7714334
702 1 _4440
_7ca
_8rus
_aКузнецов
_bА. М.
_cхудожник-иллюстратор
_f1961-
_gАндрей Михайлович
_947149
_3RU\NLR\AUTH\7764220
942 _cBOOK
980 _aNB